Bệnh virus hại lúa : Tài liệu tổng hợp và nghiên cứu
Giới thiệu các bệnh virus hại lúa phổ biến trên thế giới và thiệt hại của bệnh. Bệnh virus hại lúa ở Việt Nam và những thiệt hại của bệnh.
Kaydedildi:
| Yazar: | |
|---|---|
| Materyal Türü: | Kitap |
| Dil: | Undetermined |
| Baskı/Yayın Bilgisi: |
Hà Nội
Nông Nghiệp
2009
|
| Konular: | |
| Etiketler: |
Etiketle
Etiket eklenmemiş, İlk siz ekleyin!
|
| Thư viện lưu trữ: | Trung tâm Học liệu Trường Đại học Cần Thơ |
|---|
| LEADER | 00846nam a2200217Ia 4500 | ||
|---|---|---|---|
| 001 | CTU_156529 | ||
| 008 | 210402s9999 xx 000 0 und d | ||
| 082 | |a 633.189 | ||
| 082 | |b M121 | ||
| 100 | |a Vũ, Triệu Mân | ||
| 245 | 0 | |a Bệnh virus hại lúa : | |
| 245 | 0 | |b Tài liệu tổng hợp và nghiên cứu | |
| 245 | 0 | |c Vũ Triệu Mân | |
| 260 | |a Hà Nội | ||
| 260 | |b Nông Nghiệp | ||
| 260 | |c 2009 | ||
| 520 | |a Giới thiệu các bệnh virus hại lúa phổ biến trên thế giới và thiệt hại của bệnh. Bệnh virus hại lúa ở Việt Nam và những thiệt hại của bệnh. | ||
| 650 | |a Rice,Lúa | ||
| 650 | |x Diseases and pests,Bệnh hại lúa | ||
| 904 | |i Thi | ||
| 980 | |a Trung tâm Học liệu Trường Đại học Cần Thơ | ||